北海道ちほく高原鉄道 ふるさと銀河線の駅 - Statistics

General Stats
  • This quiz has been taken 9 times
  • The average score is 18 of 33
Answer Stats
所在地 駅名 % Correct
中川郡池田町 池田
100%
本別
100%
足寄郡足寄町 足寄
100%
陸別
100%
常呂郡置戸町 置戸
100%
訓子府
100%
北見
89%
大誉地
67%
小利別
67%
上常呂
67%
高島
56%
岡女堂
56%
仙美里
56%
様舞
44%
中川郡本別町 勇足
44%
愛冠
44%
上利別
44%
足寄郡陸別町 薫別
44%
分線
44%
川上
44%
境野
44%
大森
33%
南本別
33%
西一線
33%
塩幌
33%
笹森
33%
穂波
33%
日ノ出
33%
北光社
33%
豊住
22%
常呂郡訓子府町 西訓子府
22%
西富
22%
北見市 広郷
22%
No matching quizzes found
Score Distribution
Percent of People with Each Score
Percentile by Number Answered
Your Score History
You have not taken this quiz